Quizzes
Events
Quiz Creation
Community
Videos
Private Events
Remove Ads
Sign In
Join for FREE
Feedback
Dark Mode
Quiz Categories
Sports
Geography
Music
Movies
Television
Just For Fun
Miscellaneous
History
Literature
Language
Science
Gaming
Entertainment
Religion
Holiday
For Kids
Quiz Lab
Recent
Popular Today
Quiz Kudos Today
Editor Picks
Curator Picks
Quizzes by...
Day
Popularity
Type
Ratings
Length
Year
Community
Subscriptions
Recent Discussions
Orange Saloon
Badges
Playlists
Quests
Create
Leaderboards
Showdown
Live 5
Trivia Bingo
Activity
Puzzle Library
Sporcle Events
Private Events
Virtual Trivia
Globe League
Become a Host
Pub Owners
SporcleCon
Opinionation
Our Games
Videos
Blog
Mobile Apps
Partnerships
Remove Ads and Go Orange
Feedback
History
US Presidents
World Leaders
Politics
Nation
Discovery
War
Decade
Year
Century
Biography
Art
History
US Presidents
World Leaders
Politics
Nation
Discovery
War
Decade
Year
Century
Biography
Art
Random Quiz
Search Sporcle
×
Editor Pick
Editor Pick
History
Clickable
Click on answers out of a set of options
Click on answers out of a set of options
Multiple Choice
Best Score? Go Orange.
Claude Monet: Multiple Choice Profile Stats
Can you choose the correct answer for each question about Claude Monet?
By
finallymadeanacc
4m
16 Questions
1,562 Plays
1,562 Plays
1,562 Plays
Comments
Comments
Give Quiz Kudos
Give Quiz Kudos
-
- Ratings
hide this ad
Replay
Link that replays current quiz
Next Quiz
Link to next quiz in quiz playlist
You Got
0%
They Got
Avg Score
71%
Avg Friend Score
Upgrade to see
Score Distribution
Jump to the score distribution portion of the page
Score
0/16
Timer
04:00
0
Plays Today
Question
Answer
Wrong Answers
Monet is well-known for his paintings of these flowers:
water lilies
92.2%
roses
1.3%
daffodils
2.5%
birds of paradise
1.4%
Monet's Impressionist colleague with whom he is sometimes confused:
Édouard Manet
88.9%
Charles Trenet
1.9%
Janelle Monáe
2.1%
Guillaume Canet
1.5%
Click the Monet painting that depicts the Houses of Parliament in London:
A)
80.8%
B)
3.8%
C)
5.1%
D)
4.2%
Monet's hometown:
Paris
55.7%
Milan
3.2%
Antwerp
2.1%
Bordeaux
35.5%
Decade of his death:
1920s
33.4%
1940s
43.4%
1880s
9.4%
1900s
13.4%
Decade of Monet's birth:
1840s
20%
1870s
52.1%
1890s
6.6%
1810s
21.1%
Village where Monet lived for over 40 years (and location of his famous gardens):
Giverny
18.7%
Marseille
63.3%
Beauvais
8.4%
Pessac
4.3%
Drafted into the French military, Monet served briefly in this African nation:
Algeria
18.6%
Malawi
64.8%
Egypt
7.6%
French Guiana
4.9%
Who is the woman, who frequently modeled for Monet's paintings, depicted in 'Woman with a Parasol'?
Camille Doncieux Monet
16.7%
Yvette Guilbert
53.6%
Marie Louise
13.4%
Marion Cotillard
11.8%
Click the Monet painting 'Impression, Sunrise':
B)
16.2%
A)
67.2%
C)
12%
D)
1.7%
During this war, Monet and his family took refuge in London and Amsterdam:
Franco-Prussian War
14.5%
French Revolution
60.5%
World War II
9.5%
Crimean War
10.2%
Click the Monet painting 'Poppy Field':
C)
13.2%
A)
67.8%
B)
1.6%
D)
12%
French prime minister during World War I and long-time friend of Monet:
Georges Clemenceau
11%
Pierre Luval
54.6%
Charles de Gaulle
21.9%
Jacques Chirac
6.6%
Click the Monet garden painting sometimes subtitled 'Green Harmony':
D
9.8%
A
72.7%
B
6.2%
C
4.9%
Art movement he is associated with:
Impressionism
9.2%
Surrealism
81%
Expressionism
2.6%
Neo-Romanticism
5.6%
Monet's nationality:
French
9.1%
Italian
84%
Swiss
4%
Belgian
2.1%
Quiz Playlist
Details
Report
Send in Message
Add To Playlist
Multiple Choice:
Click on answers out of a set of options
Last Updated: Aug 31, 2022
Editor Pick in
History
Curator Pick in
Art
Quiz Scoreboard
CHALLENGE
Sign Up to Join the Scoreboard
Show All
Scores
Hide
Comments
May contain spoilers
Recently Published
Billboard Blitz: Fleetwood Mac
by CooCooCachoo
Music
15s
Presidents Visiting Landmarks
by Hejman
History
7m
An Introduction to Baseball
by treessimontrees
Sports
5m
More to Explore
Quiz From the Vault
Featured Blog Post
Where Did the Easter Bunny Come From?
hide this ad
You Might Also Like...
Tags
Art Quiz
Biography Quiz
Clickable Quiz
Famous Quiz
Art History
Artwork
France
Impressionism
Multiple Choice
Painter
Painting
profile
Today's Top Quizzes in History
Browse History
hide this ad
Today's Top Quizzes in Clickable
Browse Clickable
Top Contributed Quizzes in History
1
Popular People in 1991
2
Popular People in 1981
3
Popular People in 1951
4
Popular People in 1941
5
Popular People in 1986
6
Popular People in 1976
7
Popular People in 1921
8
I Am Born On March 28th
9
5-to-1: 20th Century Images of War
10
Popular People in 1946
Explore More
Trending Topics
Marvel
NBA
Anime
Disney
Crossword
Kpop
Harry Potter
Country
The Office
Puzzle
Song
WWE
NFL
Pokémon
Soccer
hide this ad
More By:
finallymadeanacc
Quiz
Plays
Rating
Category
Featured
Created
Missing Word: Friends at Christmas
5,967
4.82
Television
Dec 18, 2019
Beethoven: Multiple Choice Profile
5,260
4.78
Music
Jan 3, 2020
Michelangelo: Multiple Choice Profile
2,924
4.93
History
Jul 28, 2020
Missing Word: The Office at Christmas
2,717
4.94
Television
Dec 2, 2020
Vincent van Gogh: Multiple Choice Profile
2,563
4.84
History
Jan 14, 2020
Go to Creator's Profile
Score Distribution
Quiz Creator Spotlight
finallymadeanacc
Follow
Send a Message
Quizzes Created
-
Created Quiz Play Count
-
More By This Creator
Popular Quizzes Today
1
Find the US States - No Outlines Minefield
2
Find the Countries of Europe - No Outlines Minefield
3
The Countries of the World
4
Find the US States
5
Popular People in 1961
6
US States
7
Risky Map Clicking: Biggest States A-Z
8
Movies - When Are They Set?
More History Quizzes
Pick A Side: World War II
Published
Trending Quizzes
Risky Map Clicking: Least Populous States A-Z
1-10 Letter G Words
1-10 Letter F Words
Risky Map Clicking: Next State Alphabetically
Risky Map Clicking: Biggest States A-Z
Recently Updated
Leaping Animals
pecheneg
Reality TV Shows (A-Z)
bhenderson79
Rickey Henderson's Hall of Fame Teammates
pecheneg
Champions League XIs: Arsenal
pecheneg
Quick Pick: Celebrities in WWE's Hall of Fame
aduchscher
A-Z Keypad Blitz II
pecheneg
Multiple Oscar Actors
pecheneg
Mystery Phrase Blitz: Oscar 'Best Actors'
pecheneg
F. Scott Fitzgerald Novels
LTH
Pick 3 Villains
ddd62291
Trending Topics
Kpop
Harry Potter
Anime
Disney
Crossword
NBA
Marvel
Song
WWE
Puzzle
Country
Soccer
The Office
NFL
Pokémon
Your Account Isn't Verified!
In order to create a playlist on Sporcle, you need to verify the email address you used during registration. Go to your
Sporcle Settings
to finish the process.
Report this User
Report this user for behavior that violates our
Community Guidelines
.
Details:
Send Report
Go to the Sporcle.com Mobile Site →
Comments